000 00472nmm a2200169Ia 4500
008 251105s9999||||xx |||||||||||||||||und||
020 _a9789562825818
041 _aspa
100 _aMouesca, Jacqueline
245 0 _aCuentos de cine
264 _a[Santiago de Chile, Chile] :
_bLOM Ediciones,
_c2003
300 _a168 páginas
490 _aNarrativa
650 _aLatin American narrative
856 _uhttps://public.digitaliapublishing.com/a/13211
942 _cCF
999 _c94303
_d94303